00554nam a22001812 4500001001100000005001700011008004100028020002800069040001500097050001600112100003000128245009000158260003900248300001600287650003400303700003200337852000300369000000135020151021151052.0070305s xx 000 0 eng d a186152918X :cKES 2,339 aKABUcKABU 0aHB615b.B651 aBolton, Bill.@000014999514aThe Entrepreneur in focus :bachieve your potential /cBill Bolton and John Thompson. aLondon :bThomson Learning,c2003. axii, 276 p. 0aEntrepreneurship.@00001482831 aThompson, John.@00001499961